| 000 | 00610nam a2200241 a 4500 | ||
|---|---|---|---|
| 001 | nice12345678 | ||
| 003 | IN_TiNIC | ||
| 005 | 20260116011327.0 | ||
| 008 | 050524s1967 leia grp 000 0 eng | ||
| 020 |
_a _c58 |
||
| 082 | 0 | 0 |
_a232.904 _bBEL |
| 100 | _aBellinzoni, A J | ||
| 245 | _aSayings of Jesus in the Writings of Justin Martyr. | ||
| 260 |
_aLeiden _bE. J. Brill _c1967 |
||
| 300 | _a152p | ||
| 500 | _aincludes index and biblioraphy | ||
| 505 | 2 | _aBibliography, Index. | |
| 650 | _aJesus Christ-Teachings | ||
| 700 | 1 | _aBellinzoni, A J | |
| 902 | _bSRS | ||
| 942 | _cBK | ||
| 999 |
_c544 _d544 |
||